Regions of Italy by Flags - Statistics

General Stats
  • This quiz has been taken 45 times
  • The average score is 13 of 20
Answer Stats
Picture Answer % Correct
Sardinia
93%
Sicily
93%
Lombardy
89%
Veneto
81%
Emilia-Romagna
70%
Marche
70%
Piedmont
70%
Liguria
63%
Abruzzo
59%
Basilicata
59%
Calabria
59%
Campania
59%
Lazio
59%
Molise
59%
Tuscany
59%
Aosta Valley
56%
Umbria
52%
Friuli-Venezia Giulia
48%
Apulia
41%
Trentino-South Tyrol
33%
No matching quizzes found
Score Distribution
Percent of People with Each Score
Percentile by Number Answered
Your Score History
You have not taken this quiz